[Event "1st Open"]
[Site "Gurgon IND"]
[Date "2009.01.25"]
[Round "6"]
[White "Shyam,SM"]
[Black "Saravana,Kr"]
[Result "1-0"]
[WhiteElo "2426"]
[BlackElo "2243"]

1.d4 Nf6 2.Nf3 e6 3.c4 Bb4+ 4.Nc3 O-O 5.Bg5 h6 6.Bh4 g5 7.Bg3 Ne4 8.Qc2 d5
9.a3 Bxc3+ 10.bxc3 Nc6 11.e3 f5 12.Bd3 Nxg3 13.hxg3 Kg7 14.cxd5 exd5 15.c4 Be6
16.Rb1 Qc8 17.O-O Rb8 18.Rfc1 Qd7 19.Rb2 Rf6 20.cxd5 Bxd5 21.Bb5 Qe7 22.Qc5 Qe4
23.Bc4 Bxc4 24.Rxc4 b6 25.Qb5 Qd3 26.Rxc6  1-0

[Event "7th Gibtelecom Masters"]
[Site "Caleta ENG"]
[Date "2009.01.28"]
[Round "2"]
[White "Sachdev,T"]
[Black "Golod,V"]
[Result "0-1"]
[WhiteElo "2435"]
[BlackElo "2575"]

1.d4 Nf6 2.c4 e6 3.Nc3 Bb4 4.Nf3 d5 5.cxd5 exd5 6.Bg5 h6 7.Bh4 g5 8.Bg3 Ne4
9.Nd2 Nxg3 10.hxg3 c6 11.Qc2 Be6 12.e3 Nd7 13.Bd3 Qe7 14.a3 Bd6 15.O-O-O O-O-O
16.Nb5 Kb8 17.Nxd6 Qxd6 18.Kb1 h5 19.Rc1 h4 20.gxh4 gxh4 21.Nf3 Qe7 22.Rh2 Qf6
23.Rch1 h3 24.Ne1 Rc8 25.gxh3 c5 26.Qc3 Rh4 27.dxc5 Qxc3 28.bxc3 Nxc5 29.Nf3 Rxh3
30.Rxh3 Bxh3 31.Rxh3 Nxd3 32.Rh7 Nxf2 33.Rxf7 Ne4 34.Ne5 Rxc3 35.Rd7 Rxe3  0-1

[Event "XXXIV Open"]
[Site "Seville ESP"]
[Date "2009.01.29"]
[Round "7"]
[White "Ivanov,Jo"]
[Black "Ibarra Jerez,JC"]
[Result "1/2-1/2"]
[WhiteElo "2436"]
[BlackElo "2513"]

1.d4 Nf6 2.c4 e6 3.Nc3 Bb4 4.Nf3 Ne4 5.Qc2 f5 6.e3 b6 7.Bd3 Bb7 8.O-O Bxc3
9.bxc3 O-O 10.Nd2 Nxd2 11.Bxd2 Qh4 12.f3 c5 13.d5 exd5 14.cxd5 Bxd5 15.Bxf5 Be6
16.Bxe6+ dxe6 17.f4 Qe7 18.c4 Nd7  1/2-1/2

[Event "Arcapita Open"]
[Site "Manama BHN"]
[Date "2009.01.30"]
[Round "6"]
[White "Moradiabadi,E"]
[Black "Kasparov,S"]
[Result "1-0"]
[WhiteElo "2505"]
[BlackElo "2488"]

1.d4 Nf6 2.c4 e6 3.Nf3 Bb4+ 4.Nc3 c5 5.g3 cxd4 6.Nxd4 Ne4 7.Qd3 Bxc3+ 8.bxc3 Nc5
9.Qe3 d6 10.Bg2 O-O 11.Ba3 Bd7 12.O-O Bc6 13.Nxc6 Nxc6 14.Rab1 Qc7 15.Bxc5 dxc5
16.Qxc5 Rfc8 17.Rfd1 g6 18.Qg5 Rab8 19.h4 Qe5 20.Qxe5 Nxe5 21.Rb5 Nxc4 22.Rxb7 Rxb7
23.Bxb7 Rc7 24.Be4 Nb6 25.Rc1 Na4 26.c4 Nc5 27.Bd3 Rb7 28.Rc3 a5 29.Kg2 Rb2
30.Ra3 a4 31.Kf3 e5 32.Be4 f5 33.Bc6 Rb4 34.Re3 e4+ 35.Kf4 Kg7 36.Bd5 Kf6
37.f3 Rb2 38.fxe4 Rxa2 39.exf5 gxf5 40.Re5 a3 41.Rxf5+ Ke7 42.Rf7+ Kd6 43.Rf6+ Kd7
44.Rc6 Nb3 45.c5 Rb2 46.Rd6+ Kc7 47.Ra6 Nxc5 48.Rc6+  1-0

[Event "73rd ch-BUL"]
[Site "Blagoevgrad BUL"]
[Date "2009.02.12"]
[Round "1"]
[White "Chatalbashev,B"]
[Black "Lilov,V2"]
[Result "1-0"]
[WhiteElo "2560"]
[BlackElo "2443"]

1.d4 Nf6 2.c4 e6 3.Nc3 Bb4 4.Nf3 b6 5.Bg5 h6 6.Bh4 Bb7 7.Nd2 Bxc3 8.bxc3 d6
9.f3 Nbd7 10.e4 e5 11.Bd3 Nf8 12.Qa4+ Qd7 13.Bc2 Ne6 14.Bf2 c5 15.dxe5 Bc6
16.Qb3 dxe5 17.Nf1 Nf4 18.Ne3 O-O 19.Rd1 Qc7 20.O-O Rad8 21.Nd5 Bxd5 22.cxd5 Ne8
23.Be3 g5 24.g3 Nh5 25.Kg2 Rd6 26.a4 Rg6 27.a5 Nd6 28.axb6 axb6 29.Ra1 b5
30.Qa3 Rc8 31.Qa7 Qxa7 32.Rxa7 b4 33.Rfa1 bxc3 34.Ra8 Rxa8 35.Rxa8+ Kh7 36.Bxc5 Nb5
37.Rb8 Ra6 38.Kh3 Ra2 39.Bb3 c2 40.Be3  1-0

[Event "FSGM February"]
[Site "Budapest HUN"]
[Date "2009.02.13"]
[Round "7"]
[White "Banusz,T"]
[Black "Ludwig,Dan"]
[Result "1/2-1/2"]
[WhiteElo "2501"]
[BlackElo "2421"]

1.d4 Nf6 2.c4 e6 3.Nc3 Bb4 4.Nf3 b6 5.Bg5 Bb7 6.Nd2 h6 7.Bh4 d5 8.cxd5 exd5
9.e3 O-O 10.Bd3 Be7 11.O-O Nbd7 12.f4 c5 13.Qf3 Re8 14.Rad1 Ne4 15.Be1 Nxd2
16.Rxd2 Nf6 17.Bb5 Rf8 18.dxc5 Bxc5 19.Ne2 Ne4 20.Rd1 Nd6 21.Bd3 Re8 22.Nd4 Bxd4
23.exd4 Qf6 24.Bf2 Re7  1/2-1/2

[Event "US Amateur Team-ch East"]
[Site "Parsipanny USA"]
[Date "2009.02.15"]
[Round "3"]
[White "Rosenberg,E"]
[Black "Slatin,D"]
[Result "0-1"]
[WhiteElo "2167"]
[BlackElo "2052"]

1.d4 Nf6 2.c4 e6 3.Nc3 Bb4 4.Nf3 c5 5.d5 d6 6.Bd2 O-O 7.e3 e5 8.Qc2 a6 9.e4 Nbd7
10.Be2 Re8 11.O-O Nf8 12.Rab1 Rb8 13.a3 Bxc3 14.Bxc3 b5 15.b4 cxb4 16.Rxb4 Bd7
17.Rfb1 Qc7 18.cxb5 Bxb5 19.Bxb5 Rxb5 20.Rxb5 axb5 21.Rc1 Rc8 22.Qe2 Qa7
23.Bb2 Rxc1+ 24.Bxc1 Qa4 25.Nd2 Qc2 26.Qe1 N8d7 27.f3 Nc5 28.Nf1 Nd3 29.Qd2 Qc5+
30.Qe3 Nxc1 31.Qxc5 dxc5 32.Ne3 Ne2+ 33.Kf1 Nc3 34.Ke1 b4 35.axb4 cxb4 36.Kd2 Nb5
37.Kd3 Nd4 38.Nc4 b3 39.Kc3 Nd7 40.Nd2 Kf8 41.Kc4 Ke7 42.g3 Kd6 43.f4 f6
44.Kb4 Nb6 45.Ka5 Kc5 46.Ka6 Nc4 47.Nb1 b2 48.Ka7 Nb3 49.Nc3 Nbd2 50.Na4+ Kd6  0-1

[Event "2nd Pfalz Open"]
[Site "Neustadt an der Weinstrasse GER"]
[Date "2009.02.16"]
[Round "3"]
[White "Sachdev,T"]
[Black "Kuzubov,Y"]
[Result "0-1"]
[WhiteElo "2435"]
[BlackElo "2626"]

1.d4 Nf6 2.c4 e6 3.Nc3 Bb4 4.Nf3 O-O 5.Bg5 h6 6.Bh4 c5 7.e3 d5 8.Qc2 cxd4
9.exd4 Nc6 10.Rd1 Be7 11.Be2 b6 12.O-O Bb7 13.b3 Rc8 14.Qb2 Na5 15.Ne5 dxc4
16.bxc4 Nd7 17.Bg3 Nxe5 18.dxe5 Qe8 19.Rd4 Qc6 20.Bf3 Qc5 21.Na4 Qc7 22.Bxb7 Qxb7
23.Qb5 Rfd8 24.Rxd8+ Rxd8 25.h3 Qe4 26.Rc1 Bg5 27.Nc3 Qd3 28.Rd1 Qxc3 29.Rxd8+ Bxd8
30.Qe8+ Kh7 31.Qxd8 Nxc4 32.Qc7 Qe1+ 33.Kh2 Nd2 34.h4 Nf1+ 35.Kh3 Nxg3 36.Kxg3 Qa5
37.h5 f6 38.exf6 Qg5+ 39.Kh2 Qxf6 40.f3 Qh4+ 41.Kg1 Qd4+ 42.Kh2 a5 43.Qc2+ Kg8
44.Qc6 Qe5+  0-1

[Event "It A"]
[Site "Nancy FRA"]
[Date "2009.02.17"]
[Round "3"]
[White "Edouard,R"]
[Black "Gozzoli,Y"]
[Result "1/2-1/2"]
[WhiteElo "2562"]
[BlackElo "2503"]

1.d4 Nf6 2.c4 e6 3.Nc3 Bb4 4.Nf3 d5 5.Bg5 Nbd7 6.cxd5 exd5 7.e3 c5 8.Qc2 Qa5
9.Bd3 O-O 10.O-O c4 11.Bf5 g6 12.Bh3 Re8 13.Nd2 Kg7 14.Rfd1 Nb6 15.Nb3 Qa6
16.Nc5 Qa5 17.Bxc8 Raxc8 18.Nxb7 Qa6 19.Nc5 Qa5 20.Bxf6+ Kxf6 21.e4 Kg7 22.Nxd5 Nxd5
23.exd5 Bxc5 24.dxc5 Rxc5 25.d6 Rd5 26.Kf1 Rd8 27.Rxd5 Qxd5 28.Rd1 Qe6 29.Qc3+ f6
30.Qb4 Rd7 31.Rd4 Qe5 32.Qxc4 Qxh2 33.Qc6 Qh1+ 34.Ke2 Qh5+ 35.g4 Qe5+ 36.Kf3 Qe6
37.Re4 Qxd6 38.Qxd6 Rxd6 39.Re7+ Kh6 40.Rxa7 Rd2 41.Rb7 Kg5 42.Rb4 h5 43.gxh5 gxh5
44.a4 Rd1 45.Rb3 Rg1 46.Rb8 Ra1 47.Rb5+ f5 48.a5 h4 49.Kg2 Kg4 50.f3+ Kg5
51.Kh2 Ra2 52.Kh3 Ra1 53.Rc5 Rh1+ 54.Kg2 Ra1 55.b3 Ra2+ 56.Kh3 Ra3 57.Rb5 Ra1
58.Rb4 Rxa5 59.f4+ Kh5 60.Rb8 Ra1 61.Rh8+ Kg6 62.Rg8+ Kf7 63.Rb8  1/2-1/2

[Event "Tancats de la Societat Coral C"]
[Site "Sabadell ESP"]
[Date "2009.02.20"]
[Round "5"]
[White "Cruz,Cr"]
[Black "Rodriguez,Am"]
[Result "1/2-1/2"]
[WhiteElo "2545"]
[BlackElo "2479"]

1.d4 Nf6 2.c4 e6 3.Nc3 Bb4 4.Nf3 b6 5.Bg5 Bb7 6.Nd2 h6 7.Bh4 O-O 8.e4 g5
9.Bg3 Bxc3 10.bxc3 Nxe4 11.Nxe4 Bxe4 12.h4 d6 13.hxg5 Qxg5 14.Rh5 Qg6 15.Bf4 Bc2
16.Qf3 Qe4+ 17.Be2 Qxf3 18.Bxf3 Bg6 19.Rxh6 Nd7 20.Bxa8 Rxa8 21.Kd2 Kg7 22.Rh3 a6
23.Bh6+ Kg8 24.Be3 b5 25.c5 Nf6 26.Rah1 Kg7 27.Bh6+ Kg8 28.cxd6 cxd6 29.f3 Rc8
30.Bf4 Rc6 31.Rh8+ Kg7 32.Rd8 Nd5 33.Bxd6 Rxc3 34.Rc1 Rd3+ 35.Ke1 b4 36.Bf8+ Kf6
37.Rxd5 exd5 38.Bxb4 Kf5 39.Bc3 Re3+ 40.Kf2 Re6 41.Bb4 Kf6 42.Rc5 Bd3 43.g4 Bc4
44.a3 Kg6 45.Rc8 f5 46.Kg3 fxg4 47.Kxg4 Be2 48.Rg8+ Kf7 49.Rf8+ Kg6 50.Rg8+ Kf7
51.Rf8+ Kg6 52.Rg8+  1/2-1/2

[Event "73rd ch-BUL"]
[Site "Blagoevgrad BUL"]
[Date "2009.02.21"]
[Round "12"]
[White "Chatalbashev,B"]
[Black "Petkov,V"]
[Result "1-0"]
[WhiteElo "2560"]
[BlackElo "2504"]

1.d4 Nf6 2.c4 e6 3.Nc3 Bb4 4.Nf3 b6 5.Bg5 h6 6.Bh4 Bb7 7.Nd2 Bxc3 8.bxc3 g5
9.Bg3 Nh5 10.Be5 f6 11.e4 Ng7 12.Bg3 Nc6 13.h4 Qe7 14.hxg5 fxg5 15.c5 O-O-O
16.Nc4 d5 17.Ne5 Nxe5 18.Bxe5 dxe4 19.Qa4 Kb8 20.Rb1 Rd5 21.cxb6 axb6 22.Rxb6 Rxe5
23.Rxb7+ Kxb7 24.Ba6+ Kb6 25.O-O  1-0

[Event "ch-EST"]
[Site "Rakvere EST"]
[Date "2009.02.22"]
[Round "4"]
[White "Neff,S"]
[Black "Shishkov,A"]
[Result "0-1"]
[WhiteElo "2239"]
[BlackElo "2403"]

1.c4 e6 2.Nc3 Nf6 3.d4 Bb4 4.Nf3 c5 5.g3 b6 6.Bg2 Bb7 7.O-O cxd4 8.Qxd4 Nc6
9.Qd3 O-O 10.Bg5 Bxc3 11.Qxc3 Ne4 12.Qe3 Nxg5 13.Nxg5 Qc7 14.Rfd1 Rad8 15.Qd3 f5
16.Qd6 Qxd6 17.Rxd6 h6 18.Nf3 Kf7 19.Rad1 Ke7 20.h4 Rf6 21.h5 Nb8 22.Ne5 Bd5
23.R6xd5 exd5 24.Rxd5 Rc8 25.f4 Ke8 26.b3 d6 27.Nf3 Nc6 28.Bh3 Ne7 29.Rd3 Rc5
30.Nd4 d5 31.Nb5 a6 32.Na3 Ra5 33.b4 Ra4 34.cxd5 Nxd5 35.Nc4 Nxb4 36.Re3+ Kd8
37.Re5 Nc6 38.Rd5+ Kc7 39.Ne3 Rxa2 40.Kf2 b5 41.Bxf5 Rd6 42.Rc5 Kb6 43.Rc1 Rdd2
44.Bg4 Nd4 45.Nd5+ Ka5 46.Nc3 Ra3 47.Ne4 Rc2 48.Rd1 Ra4 49.Ke3 Nxe2 50.Bxe2 Rxe2+
51.Kxe2 Rxe4+ 52.Kf3 Re7 53.g4 b4 54.g5 b3 55.Ra1+ Kb5 56.Ra3 Kc4 57.Rxa6 Rb7
58.gxh6 gxh6 59.Rc6+ Kb4 60.Rc1 b2 61.Rb1 Kc3 62.Ke4 Kc2 63.Rxb2+ Rxb2 64.f5 Rb4+  0-1

[Event "Bundesliga 2008-9"]
[Site "Eppingen GER"]
[Date "2009.02.28"]
[Round "12"]
[White "Acs,P"]
[Black "Meier,Geo"]
[Result "1-0"]
[WhiteElo "2542"]
[BlackElo "2558"]

1.d4 e6 2.c4 Nf6 3.Nc3 Bb4 4.Nf3 c5 5.e3 Nc6 6.Bd3 Bxc3+ 7.bxc3 d6 8.O-O e5
9.Nd2 O-O 10.Re1 h6 11.Ba3 b6 12.Qc2 Bd7 13.Rad1 Rc8 14.Qb1 Rc7 15.Nf1 Qc8
16.d5 Ne7 17.Ng3 h5 18.e4 h4 19.Nf5 Nxf5 20.exf5 h3 21.Bc1 Ba4 22.Bc2 Bxc2
23.Qxc2 hxg2 24.f3 Kh7 25.Bg5 Nh5 26.f6+ g6 27.Rd2 Qf5 28.Rxg2 Qxc2 29.Rxc2 Rb8
30.a4 Kg8 31.Kg2 Rcb7 32.Rb2 Kf8 33.f4 exf4 34.Kf3 a6 35.Reb1 Ke8 36.Bxf4 Nxf4
37.Kxf4 Kd7 38.Re2 Rh8 39.Rbe1 b5 40.Re7+ Kc8 41.Re8+  1-0

[Event "Bundesliga 2008-9"]
[Site "Hamburg GER"]
[Date "2009.02.28"]
[Round "12"]
[White "Wojtaszek,R"]
[Black "Fedorchuk,S"]
[Result "0-1"]
[WhiteElo "2599"]
[BlackElo "2603"]

1.d4 Nf6 2.c4 e6 3.Nc3 Bb4 4.Nf3 b6 5.Bg5 Bb7 6.Nd2 h6 7.Bh4 g5 8.Bg3 Nh5
9.Be5 f6 10.e3 fxe5 11.Qxh5+ Ke7 12.dxe5 Nc6 13.f4 Qe8 14.Qh3 Qg6 15.O-O-O Raf8
16.Nf3 Bxc3 17.bxc3 gxf4 18.Bd3 Qf7 19.Qh4+ Ke8 20.Rhf1 fxe3 21.Qe1 Qg7 22.Qxe3 Qxg2
23.Rf2 Qg4 24.Kb2 Na5 25.Rdf1 Bxf3 26.Rxf3 Rxf3 27.Rxf3 Nxc4+ 28.Bxc4 Qxc4
29.Rf2 Qb5+ 30.Kc1 Rg8 31.Kc2 Rg1 32.Rf8+ Kxf8 33.Qf2+ Ke7  0-1

[Event "Bundesliga 2008-9"]
[Site "Hamburg GER"]
[Date "2009.03.01"]
[Round "13"]
[White "Gustafsson,J"]
[Black "Parligras,M"]
[Result "1/2-1/2"]
[WhiteElo "2634"]
[BlackElo "2611"]

1.d4 Nf6 2.c4 e6 3.Nc3 Bb4 4.Nf3 c5 5.g3 Nc6 6.Bg2 Ne4 7.Bd2 Nxd2 8.Qxd2 cxd4
9.Nxd4 Ne5 10.Nf3 Nxf3+ 11.Bxf3 O-O 12.Rc1 Rb8 13.a3 Be7 14.O-O d6 15.Rfd1 Bd7
16.Qd3 Bc6  1/2-1/2

[Event "25th Open"]
[Site "Cappelle la Grande FRA"]
[Date "2009.03.02"]
[Round "4"]
[White "Duhayon,Y"]
[Black "Gozzoli,Y"]
[Result "0-1"]
[WhiteElo "2237"]
[BlackElo "2503"]

1.d4 Nf6 2.c4 e6 3.Nc3 Bb4 4.Nf3 b6 5.e3 Bb7 6.Bd3 c5 7.O-O O-O 8.Na4 cxd4
9.exd4 Be7 10.a3 Bxf3 11.Qxf3 Nc6 12.Be3 d5 13.Rac1 dxc4 14.Rxc4 Na5 15.Rc2 Rc8
16.Rfc1 Rxc2 17.Rxc2 Nb3 18.Nc3 Nxd4 19.Bxd4 Qxd4 20.Nb5 Qe5 21.Nxa7 Qe1+
22.Bf1 Rd8 23.Nc6 Rd1 24.Nxe7+ Kf8 25.Qe2 Qxe2 26.Rxe2 Kxe7 27.g3 Kd6 28.Kg2 e5
29.Rc2 e4 30.Bb5 Nd5 31.Rc6+ Ke5 32.Bc4 Rd2 33.Bxd5 Kxd5 34.Rxb6 e3 35.Rb5+ Kd6
36.Rb3 Rxf2+ 37.Kg1 Rf3 38.Rd3+ Ke5 39.Rd1 Ke4 40.a4 e2 41.Ra1 Rd3  0-1

[Event "Eastern Class Ch"]
[Site "Sturbridge USA"]
[Date "2009.03.08"]
[Round "5"]
[White "Kacheishvili,G"]
[Black "Sadvakasov,D"]
[Result "0-1"]
[WhiteElo "2590"]
[BlackElo "2616"]

1.d4 Nf6 2.c4 e6 3.Nc3 Bb4 4.Nf3 b6 5.Bg5 Bb7 6.Bh4 Bxc3+ 7.bxc3 d6 8.e3 Nbd7
9.Be2 h6 10.O-O Qe7 11.Nd2 e5 12.Qc2 g5 13.Bg3 h5 14.h4 Rg8 15.hxg5 Rxg5
16.d5 Qf8 17.Bh4 Rg8 18.Ne4 Qg7 19.Ng3 O-O-O 20.Bd3 Rde8 21.f3 Nc5 22.Bf5+ Kb8
23.e4 Qh6 24.Bh3 Nh7 25.Nf5 Qg6 26.Ne3 Nf8 27.Kf2 Qh7 28.Rh1 Ng6 29.Bf5 Qg7
30.Ke2 Nf4+ 31.Kf1 Qh6 32.Rd1 Ba6 33.Rh2 Ng6 34.Bf2 Qg5 35.Rd2 Ne7 36.Bh3 Qf4
37.Rh1 Ref8 38.Ke1 f5 39.Nxf5 Nxf5 40.Bxf5 Bxc4 41.Bxc5 dxc5 42.Kd1 Rg3 43.Re1 Rfg8
44.Be6 Rxg2 45.Rxg2 Qxf3+ 46.Rge2 Rg2 47.Qd2 Bd3 48.Qe3 Bxe2+ 49.Rxe2 Qf1+
50.Kd2 Rg1 51.Kd3 Qd1+ 52.Rd2 c4+ 53.Kxc4 Qa4+ 54.Kd3 Qa6+ 55.Kc2 Qxa2+ 56.Kd3 Qa6+
57.Kc2 Qa4+ 58.Kd3 Qb5+  0-1

[Event "10th EICC w"]
[Site "St Petersburg RUS"]
[Date "2009.03.09"]
[Round "2"]
[White "Romanko,M"]
[Black "Paulet,I"]
[Result "1-0"]
[WhiteElo "2451"]
[BlackElo "2315"]

1.d4 Nf6 2.c4 e6 3.Nc3 Bb4 4.Nf3 b6 5.Bg5 h6 6.Bh4 g5 7.Bg3 Ne4 8.Qc2 Bb7
9.e3 d6 10.Bd3 Bxc3+ 11.bxc3 f5 12.d5 exd5 13.Nd4 Qf6 14.cxd5 Bxd5 15.Nxf5 Qxf5
16.f3 Bc6 17.fxe4 Qc5 18.O-O Nd7 19.e5 O-O-O 20.exd6 cxd6 21.a4 Rhf8 22.Rfd1 Ne5
23.Ba6+ Kb8 24.Rd4 Qa5 25.Be2 Ka8 26.Qd2 Rf6 27.Bb5 Rc8 28.Bxe5 dxe5 29.Rd8 Kb7
30.Rxc8 Bxb5 31.Qd8 Bc6 32.Rc7+ Ka6 33.Qc8+  1-0

[Event "10th EICC w"]
[Site "St Petersburg RUS"]
[Date "2009.03.09"]
[Round "2"]
[White "Papadopoulou,V"]
[Black "Peptan,C"]
[Result "1/2-1/2"]
[WhiteElo "2190"]
[BlackElo "2401"]

1.d4 Nf6 2.c4 e6 3.Nc3 Bb4 4.Nf3 O-O 5.Bg5 h6 6.Bh4 d5 7.e3 c5 8.a3 Ba5 9.Rc1 cxd4
10.exd4 dxc4 11.Bxc4 Nbd7 12.O-O a6 13.Ba2 Bxc3 14.Rxc3 Qb6 15.Qc2 Nd5 16.Bb1 f5
17.Rb3 Qc7 18.Qd2 b5 19.Re1 N7b6 20.Ne5 Nc4 21.Nxc4 bxc4 22.Rg3 Rb8 23.Rg6 Qf4
24.Qxf4 Nxf4 25.Bg3 Nxg6 26.Bxb8 Rd8 27.Ba7 Nf4 28.Ba2 Nd3 29.Rb1 Rd7 30.Bxc4 Rxa7
31.Bxd3 Rd7 32.Rc1 Bb7 33.Rc4 a5 34.f3 Ba6 35.Rc3 Bxd3 36.Rxd3 e5 37.d5 Kf7
38.Kf2 a4 39.Ke3 Rb7 40.Rd2 Rb3+ 41.Kf2 Ke7 42.d6+ Kd7 43.h4 Rb7 44.Kg3 Ke6
45.Rc2 Kxd6 46.Rc4 Rxb2 47.Rxa4 Rb7 48.Ra5 Ke6 49.a4 Rb3 50.Ra8 e4 51.a5 Kf7
52.a6 Ra3 53.a7 Kf6 54.Re8 Rxa7 55.fxe4 Ra3+ 56.Kf4 fxe4 57.g4 Rf3+ 58.Kxe4 Rh3
59.h5 Kg5 60.Rg8 Kxg4 61.Rxg7+ Kxh5 62.Kf4 Ra3 63.Rg1 Ra4+ 64.Kf5 Rh4 65.Rf1 Rh2
66.Rf4 Rh1 67.Rg4 Ra1 68.Rg2 Rf1+ 69.Ke4 Kh4 70.Ke3 h5 71.Rf2 Rg1 72.Rh2+ Kg4
73.Kf2 Ra1 74.Rg2+ Kh3 75.Rg3+ Kh2 76.Rg2+ Kh1 77.Rg5 h4 78.Re5 h3 79.Re2 Ra8
80.Kg3 Ra3+ 81.Kf2 Kh2 82.Rb2 Rg3 83.Rb1 Rg8 84.Rf1 Rf8+ 85.Ke2 Re8+ 86.Kf2 Re7
87.Kf3 Rf7+ 88.Ke2 Ra7 89.Kf3 Ra8 90.Kf2 Ra3 91.Re1 Ra2+ 92.Kf3 Rg2 93.Rf1 Rg7
94.Kf2 Rg6 95.Kf3 Rg2 96.Re1 Rg1 97.Re2+ Kh1 98.Rc2 h2 99.Rd2 Ra1 100.Kg3 Ra3+
101.Kf2 Ra7 102.Kg3 Ra3+  1/2-1/2

[Event "10th EICC"]
[Site "Budva MNE"]
[Date "2009.03.10"]
[Round "5"]
[White "Lekic,D"]
[Black "Dobrov,V"]
[Result "0-1"]
[WhiteElo "2390"]
[BlackElo "2510"]

1.d4 Nf6 2.c4 e6 3.Nc3 Bb4 4.Nf3 d5 5.Bg5 dxc4 6.e4 b5 7.a4 c6 8.e5 h6 9.exf6 hxg5
10.fxg7 Rg8 11.g3 Bb7 12.Bg2 Nd7 13.O-O a6 14.Ne5 Nxe5 15.dxe5 Qc7 16.axb5 cxb5
17.Nxb5 axb5 18.Rxa8+ Bxa8 19.Bxa8 Ke7 20.Qf3 Qxe5 21.Bc6 Rxg7 22.Ra1 Bc5
23.Ra8 Qxb2 24.Re8+ Kd6 25.Rd8+ Ke5 26.h4 f5 27.hxg5 Rxg5 28.Bxb5 Rg4 29.Kg2 Kf6
30.Be8 Re4 31.Rd7 Bxf2 32.Kh3 Bg1 33.Qh1 Qe2  0-1

[Event "10th EICC"]
[Site "Budva MNE"]
[Date "2009.03.10"]
[Round "5"]
[White "Wojtaszek,R"]
[Black "Antic,De"]
[Result "1-0"]
[WhiteElo "2608"]
[BlackElo "2495"]

1.d4 Nf6 2.c4 e6 3.Nc3 Bb4 4.Nf3 c5 5.g3 cxd4 6.Nxd4 O-O 7.Bg2 d5 8.cxd5 Nxd5
9.Qb3 Nc6 10.Nxc6 bxc6 11.O-O Qa5 12.Bd2 Bxc3 13.bxc3 Ba6 14.Rfd1 Rab8 15.c4 Qc5
16.cxd5 Rxb3 17.axb3 Qc2 18.Rac1 Qa2 19.dxc6 Bxe2 20.Bb4 Bxd1 21.Bxf8 Be2
22.c7 Ba6 23.c8=Q Bxc8 24.Rxc8 Qb1+ 25.Bf1 h6 26.b4 a5 27.Bc5+ Kh7 28.bxa5  1-0

[Event "10th EICC"]
[Site "Budva MNE"]
[Date "2009.03.11"]
[Round "6"]
[White "Cheparinov,I"]
[Black "Meier,Geo"]
[Result "1/2-1/2"]
[WhiteElo "2679"]
[BlackElo "2608"]

1.d4 e6 2.c4 Nf6 3.Nc3 Bb4 4.Nf3 c5 5.g3 cxd4 6.Nxd4 O-O 7.Bg2 d5 8.cxd5 Nxd5
9.Qb3 Nc6 10.Nxc6 bxc6 11.O-O Rb8 12.Na4 Ba6 13.Qc2 Bb5 14.a3 Be7 15.Bf3 e5
16.Rd1 Qa5 17.b3 f5 18.Bb2 e4 19.Bg2 Bxa4 20.bxa4 Rxb2 21.Qxb2 Bf6 22.Qc2 Bxa1
23.Qxc6 Nb6 24.Qe6+ Kh8 25.Qe7 Kg8 26.Qe6+ Kh8 27.Qe7 Kg8 28.Rxa1 Qxa4 29.Rc1 Rf7
30.Qd8+ Rf8 31.Qd6 Rf6 32.Qd8+ Rf8 33.Qe7 Rf7 34.Qc5 Rf8 35.Qe5 Rf7 36.g4 Qxa3
37.Rc5 Qa2 38.gxf5 Qxe2 39.Qxe4 Re7 40.Qxe2 Rxe2 41.Bf3 Re7 42.Kg2 Kf7 43.Kg3 g6
44.fxg6+ hxg6 45.Kf4 Kg7 46.Be4 Nd7 47.Rg5 Nf8 48.Ke3 Kf6 49.Ra5 Kg7 50.Kf4 Nh7
51.h4 Rf7+ 52.Kg3 Nf6 53.Bf3 Kh6 54.Ra6 Nh5+ 55.Bxh5  1/2-1/2

[Event "10th EICC"]
[Site "Budva MNE"]
[Date "2009.03.12"]
[Round "7"]
[White "Pecurica,M"]
[Black "Jakovljevic,Vlado"]
[Result "0-1"]
[WhiteElo "1934"]
[BlackElo "2420"]

1.d4 Nf6 2.c4 e6 3.Nc3 Bb4 4.Nf3 b6 5.g3 Bb7 6.Bg2 O-O 7.O-O Bxc3 8.bxc3 d6
9.Nd2 Bxg2 10.Kxg2 c5 11.e4 Nc6 12.d5 Na5 13.f4 exd5 14.cxd5 Re8 15.Qf3 Qe7
16.Re1 Nxd5 17.e5 Nc7 18.c4 dxe5 19.Bb2 Qd7 20.fxe5 Qxd2+  0-1

[Event "10th EICC"]
[Site "Budva MNE"]
[Date "2009.03.14"]
[Round "8"]
[White "Romanov,E"]
[Black "Postny,E"]
[Result "1-0"]
[WhiteElo "2576"]
[BlackElo "2652"]

1.Nf3 Nf6 2.c4 e6 3.Nc3 Bb4 4.d4 b6 5.Bg5 h6 6.Bh4 Bb7 7.Nd2 Bxc3 8.bxc3 d6
9.f3 Nbd7 10.e4 e5 11.Bd3 Nf8 12.Bf2 Ne6 13.g3 Nd7 14.c5 dxc5 15.d5 Ng5 16.h4 Nh7
17.a4 a5 18.Qe2 Qe7 19.Nc4 Nhf6 20.Ne3 O-O-O 21.Nf5 Qf8 22.d6 cxd6 23.Ba6 Ne8
24.O-O g6 25.Ne3 Nc7 26.Bxb7+ Kxb7 27.Rab1 Ka7 28.Rfd1 Rb8 29.Nc4 d5 30.exd5 f6
31.d6 Na6 32.Rb2 Qc8 33.Ne3 Qc6 34.Nd5 Qb7 35.Qb5 Rbd8 36.Ne7 Nab8 37.Rdb1 Qa6
38.Qxa6+ Kxa6 39.Nxg6 Rhe8 40.Ne7 Kb7 41.Nd5 Kc6 42.Nxb6 Nxb6 43.Rxb6+ Kd5
44.c4+ Kxc4 45.Rc1+ Kd3 46.Rb3+ Kd2 47.Be3+ Ke2 48.Kg2  1-0

[Event "TCh-FIN"]
[Site "Finland FIN"]
[Date "2009.03.14"]
[Round "8"]
[White "Solozhenkin,E"]
[Black "Kulaots,K"]
[Result "1/2-1/2"]
[WhiteElo "2511"]
[BlackElo "2531"]

1.d4 Nf6 2.c4 e6 3.Nc3 Bb4 4.Nf3 c5 5.g3 Ne4 6.Qd3 Qa5 7.Qxe4 Bxc3+ 8.Bd2 Bxd2+
9.Nxd2 Nc6 10.dxc5 b6 11.Bg2 bxc5 12.Qf4 Qb6 13.O-O O-O 14.Nb3 Rb8 15.Rad1 a5
16.Rd2 a4 17.Nc1 Ne7 18.b3 Ng6 19.Qd6 axb3 20.axb3 Qxd6 21.Rxd6 Ne5 22.Nd3 Nxd3
23.Rxd3 Rb6 24.Ra1  1/2-1/2

[Event "10th EICC"]
[Site "Budva MNE"]
[Date "2009.03.15"]
[Round "9"]
[White "Mastrovasilis,A"]
[Black "Fedorchuk,S"]
[Result "0-1"]
[WhiteElo "2486"]
[BlackElo "2633"]

1.d4 Nf6 2.c4 e6 3.Nc3 Bb4 4.Nf3 b6 5.Bg5 h6 6.Bh4 Bb7 7.Nd2 Nc6 8.e3 Ne7
9.Bxf6 gxf6 10.Qb3 c5 11.a3 Bxc3 12.Qxc3 cxd4 13.Qxd4 Nf5 14.Qc3 Rc8 15.e4 Nd6
16.f3 Rg8 17.Rd1 Ke7 18.Qe3 h5 19.Kf2 Qc7 20.b4 h4 21.Rc1 Rg5 22.Nb3 a5 23.bxa5 bxa5
24.c5 Ne8 25.Bb5 Ng7 26.Rcd1 Bc6 27.Bxc6 dxc6 28.Rd6 a4 29.Rhd1 Kf8 30.f4 Rg4
31.Qf3 f5 32.exf5 exf5 33.Nd4 Rb8 34.Rd2 Qa5 35.Qe3 Re8 36.Nxc6 Rxe3 37.Nxa5 Rxa3
38.c6 Rxf4+ 39.Ke2 Re4+ 40.Kd1 Ne6 41.Kc2 Ree3 42.R6d5 f4 43.h3 f3 44.gxf3 Rxf3
45.Kb2 Rac3 46.Rd7 Rc5 47.R7d5 Rxd5 48.Rxd5 Rxh3 49.Rd7 a3+ 50.Ka2 Rc3 51.Rd5 h3
52.Rh5 Ke7 53.Rh4 Kf6 54.Nb3 Kg5 55.Rh7 Kg4 56.Kxa3 f5 57.Kb2 Rxc6 58.Nd2 Nd4
59.Rg7+ Kf4 60.Nf1 Rc2+ 61.Ka3 Rf2  0-1

[Event "10th EICC"]
[Site "Budva MNE"]
[Date "2009.03.15"]
[Round "9"]
[White "Romanov,E"]
[Black "Aleksandrov,A"]
[Result "0-1"]
[WhiteElo "2576"]
[BlackElo "2636"]

1.d4 Nf6 2.c4 e6 3.Nc3 Bb4 4.Nf3 d5 5.cxd5 exd5 6.Bg5 Nbd7 7.e3 c5 8.Be2 Qa5
9.O-O Bxc3 10.bxc3 c4 11.Bxf6 Nxf6 12.Qc2 O-O 13.Ne5 Nd7 14.e4 Nxe5 15.dxe5 Be6
16.exd5 Bxd5 17.Rad1 Bc6 18.e6 Ba4 19.Qe4 Bxd1 20.Rxd1 fxe6 21.Bxc4 Qxc3
22.h3 Rad8 23.Rxd8 Rxd8 24.g3 Kh8 25.Qxe6 Qd2 26.Qe7 Qd7 27.Qh4 Rf8 28.Qe4 Qf5
29.Qd4 Qb1+ 30.Kg2 Qb4 31.Qd5 Qb6 32.f4 Rd8 33.Qf7 Qc6+ 34.Kf2 Qd7 35.Qxd7 Rxd7
36.Ke3 g6 37.g4 Rd1 38.Ke4 Rh1 39.Ke5 Kg7 40.Bd5 Rxh3 41.Bxb7 Re3+ 42.Be4 h5
43.gxh5 gxh5 44.f5 h4 45.f6+ Kf8  0-1

[Event "10th EICC"]
[Site "Budva MNE"]
[Date "2009.03.16"]
[Round "10"]
[White "L'Ami,E"]
[Black "Kovacevic,A"]
[Result "1-0"]
[WhiteElo "2603"]
[BlackElo "2543"]

1.d4 Nf6 2.c4 e6 3.Nc3 Bb4 4.Nf3 c5 5.g3 O-O 6.Bg2 cxd4 7.Nxd4 d5 8.cxd5 Nxd5
9.Qb3 Na6 10.O-O Nxc3 11.bxc3 Bc5 12.Nf3 Qe7 13.Ng5 Bd6 14.Qc2 g6 15.Ne4 Be5
16.Bg5 f6 17.Bh6 Rd8 18.f4 Bc7 19.Nf2 Nc5 20.e4 e5 21.f5 Bd7 22.g4 g5 23.h4 Bb5
24.c4 Ba4 25.Qe2 Rd6 26.Nh3 gxh4 27.g5 Kh8 28.Qh5 Rg8 29.Kh1 Rd3 30.Qxh4 fxg5
31.Nxg5 Qf6 32.Rg1 Rd6 33.Bf3 Be8 34.Bf8  1-0

[Event "10th EICC"]
[Site "Budva MNE"]
[Date "2009.03.17"]
[Round "11"]
[White "Romanov,E"]
[Black "Fressinet,L"]
[Result "0-1"]
[WhiteElo "2576"]
[BlackElo "2666"]

1.d4 Nf6 2.c4 e6 3.Nc3 Bb4 4.Nf3 d5 5.cxd5 exd5 6.Bg5 Nbd7 7.Qa4 Bxc3+ 8.bxc3 O-O
9.e3 h6 10.Bh4 c5 11.Bd3 c4 12.Bc2 g5 13.Bg3 Nb6 14.Qb4 Ne4 15.Bxe4 dxe4
16.Nd2 Nd5 17.Qxc4 Be6 18.Qb5 Nxc3 19.Qxb7 Qb6 20.Qxb6 axb6 21.a3 Rfc8 22.Bd6 f5
23.O-O Ne2+ 24.Kh1 Rc2 25.Rfd1 Rac8 26.Nf1 Nc1 27.Kg1 Nd3 28.Rd2 Rxd2 29.Nxd2 Rc2
30.Nf1 f4 31.exf4 gxf4 32.Rd1 Bg4 33.f3 Rxg2+ 34.Kxg2 Bxf3+  0-1

[Event "3rd Georgi Agzamov Mem"]
[Site "Tashkent AZE"]
[Date "2009.03.18"]
[Round "3"]
[White "Kasyan,A"]
[Black "Filippov,An UZB"]
[Result "0-1"]
[WhiteElo "2305"]
[BlackElo "2558"]

1.d4 Nf6 2.c4 e6 3.Nc3 Bb4 4.Nf3 d6 5.e3 Nbd7 6.Bd3 e5 7.Nd2 c5 8.d5 Bxc3
9.bxc3 Qe7 10.e4 g6 11.Nf1 Nh5 12.g3 Nb6 13.Ne3 Bh3 14.Qf3 O-O-O 15.Bd2 Rde8
16.Bc2 Bd7 17.O-O-O Ng7 18.g4 Rhf8 19.Rhg1 f5 20.gxf5 gxf5 21.exf5 Rf7 22.Qh3 Ref8
23.Qxh7 Nxf5 24.Qg6 Nxe3 25.Bxe3 Nxc4 26.Bg5 Qe8 27.Bd3 Bf5 28.Bxf5+ Rxf5
29.Qe6+ Kc7 30.Qxe8 Rxe8 31.Rg2 Rf3 32.Kc2 Rh3 33.Rg3 Reh8 34.Rxh3 Rxh3  0-1

[Event "SPICE Spring Inv"]
[Site "Lubbock USA"]
[Date "2009.03.19"]
[Round "5"]
[White "Kacheishvili,G"]
[Black "Hess,Ro"]
[Result "1/2-1/2"]
[WhiteElo "2590"]
[BlackElo "2483"]

1.d4 Nf6 2.c4 e6 3.Nc3 Bb4 4.Nf3 c5 5.g3 cxd4 6.Nxd4 Ne4 7.Qd3 Bxc3+ 8.bxc3 Nc5
9.Qf3 O-O 10.Bg2 d6 11.O-O Bd7 12.Qe3 Ba4 13.Ba3 Nbd7 14.Nb5 Bxb5 15.cxb5 Qa5
16.c4 a6 17.Bb2 axb5 18.Qd4  1/2-1/2